000
00280nam a2200109Ia 4500
008
220204s9999 xx 000 0 und d
082
_a
547
_b
NEW
245
0
_a
Steric effects in organic chemistry
260
_a
New York
_b
John Wiley
_c
1956
700
_a
Newman, Melvin S
942
_c
BK
999
_c
19675
_d
19675